| 000 | 00574nam a22001577a 4500 | ||
|---|---|---|---|
| 005 | 20120618132134.0 | ||
| 020 | _c00 | ||
| 035 | _aA-410689 | ||
| 037 |
_aDPL _bENG |
||
| 100 |
_aSalkar, Kalyan R. _949293 |
||
| 245 |
_aRabindranath Tagore : _bHis impact on Indian education / _cby Kalyan R. Salkar |
||
| 260 |
_aNew Delhi _bSterling Publishers _c1990 |
||
| 300 |
_aix, 166p. _c18 cms. |
||
| 942 |
_2ddc _cEN _h370.1 _mSAL |
||
| 999 |
_c68063 _d68063 |
||